00972nam a22002297a 450000500170000000700150001700800410003203500100007304000090008309000150009224500400010725600240014726000390017130000280021050602800023865000210051874000380053985600420057794200080061995200960062799900190072320240305165418.0cr|||| |||| 131217c20139999ng |||| s|||| 0||| 1eng d a11708 avLex c4635d463503aThe Nationh[Recurso electrónico] aServicio en línea a[s.l.]:bAsianet Pakistan,c2013 - a1 recurso electrónico1 aContenido solo disponible en los productos indicadosdvLex GlobaldvLex Global (Academic Edition, excluding Law Schools)dvLex Global (U.S. Academic Edition, Law Schools)dvLex Global (U.S. Academic Edition, excluding Law Schools)dvLex Global (Academic Edition, Law Schools)04aDiarioszNigeria0 avLex Libros (Servicio en línea)40uhttps://app.vlex.com/#/sources/11708/ cRAA 001040708VLEX9320986aBD-UINbBD-UINd2024-03-05l0p11708r2024-03-05w2024-03-05yRAA c162994d162994